Представление документа в формате RUSMARC

ПолеНазваниеЗначение
  Тип записи a
  Библиографический уровень m
001 Контрольный номер 033118e7b7214171abfbccad000c4492
005 Дата корректировки 20150601145845.5
200 Заглавие и сведения об ответственности 1_
a Заглавие Судебная психиатрия
b Общее обозначение материала Текст
e Сведения, относящиеся к заглавию учебник для вузов
f Первые сведения об ответственности под общ. ред. Г. В. Морозова
205 Сведения об издании __
a Основные сведения об издании 2-е изд., стер.
210 Выходные данные 1_
a Место издания М.
c Издательство НОРМА
d Дата издания 2001
215 Физическое описание __
a Объем 432 с.
330 Аннотация __
a Аннотация Рассматриваются основные практические и теоретические вопросы судебной психиатрии, а также основные формы психических расстройств, причины их возникновения, диагностика и лечение.
606 Тематические рубрики __
a Основная рубрика Право. Юридические науки
610 Ключевые слова 0_
a Ключевые слова учебник для вузов
a Ключевые слова психическое заболевание
a Ключевые слова деонтология
a Ключевые слова токсикомания
a Ключевые слова алкоголизм
a Ключевые слова шизофрения
a Ключевые слова олигофрения
686 Индексы других классификаций __
a Классификационный индекс 67.53
a Классификационный индекс 56.14
2 Код системы rubbk
2 Код системы rubbk
700 Автор _1
a Фамилия Жариков
b Имя Н. М.
701 Альтернативная интеллектуальная ответственность _1
a Фамилия Морозов
b Имя Г. В.
701 Альтернативная интеллектуальная ответственность _1
a Фамилия Хритинин
b Имя Д. Ф.
852 Данные о местонахождении __
i Авторский знак Ж 345
j Шифр хранения 67.53
938 Служебная информация __
a Название организации Волгоградский филиал
b Имя БД Каталог_ВКИ
c Название АИБС АИБС МАРК-SQL
952 Тип литературы __
b Гриф литературы для ВШ гриф
c Вид литературы учебник